[Event "Hebraica op 32nd"]
[Site "Hebraica"]
[Date "2024.02.02"]
[Round "2"]
[White "Sangiovanni, Marcello Gouveia"]
[Black "Haraguchi, Diego Sashaki"]
[Result "0-1"]
[WhiteElo "1721"]
[BlackElo "1967"]
[PlyCount "156"]
[EventDate "2024.02.02"]
[EventType "swiss"]
[EventRounds "6"]
[EventCountry "BRA"]
[SourceTitle "CB07_2024"]
[SourceDate "2024.02.14"]
[SourceVersion "1"]
[SourceVersionDate "2024.02.14"]
[SourceQuality "1"]

1. e4 e5 2. Nc3 Nf6 3. f4 d5 4. fxe5 Nxe4 5. d3 Nxc3 6. bxc3 d4 7. Nf3 c5 8. cxd4 cxd4 9. Be2 Be7 10. 0-0 Nc6 11. Bf4 Be6 12. Qd2 Bb4 13. Qc1 Qa5 14. Ng5 Bf5 15. Bf3 0-0 16. a3 Bc3 17. Rb1 Rac8 18. Rxb7 Nxe5 19. Bxe5 Qxe5 20. Ne4 Be6 21. Qg5 Qxg5 22. Nxg5 Ba2 23. Ne4 a6 24. Nd6 Rb8 25. h3 Rxb7 26. Bxb7 Rb8 27. Bxa6 Rb2 28. Rf2 h5 29. Bc4 Be1 30. Rf3 Rxc2 31. Bxf7+ Bxf7 32. Nxf7 h4 33. Ne5 Bg3 34. Nc4 Ra2 35. Rf1 Kh7 36. Rb1 Kh6 37. Kf1 Rf2+ 38. Kg1 Rc2 39. Ra1 Rc3 40. Nb2 Rb3 41. Ra2 Be1 42. Kf1 Bd2 43. Ke2 Bf4 44. a4 Bb8 45. Kf3 Rc3 46. a5 Rc2 47. a6 Ba7 48. g3 hxg3 49. Kxg3 Re2 50. Kf3 Rh2 51. Kg3 Rd2 52. Kf3 g5 53. Ke4 Kh5 54. Kd5 Rc2 55. Ke4 Kh4 56. Kf3 Rh2 57. Ke4 Kxh3 58. Ra5 Rxb2 59. Rxg5 Ra2 60. Rg6 Ra5 61. Kf4 Ra3 62. Ke4 Kh4 63. Rg8 Rxa6 64. Rg7 Kh5 65. Rg1 Ra5 66. Kf4 Bb8+ 67. Ke4 Be5 68. Rg2 Bf6 69. Rg1 Kh6 70. Rg2 Kh7 71. Rg1 Re5+ 72. Kf4 Re3 73. Kf5 Bg7 74. Rg2 Rxd3 75. Ke4 Re3+ 76. Kf4 Bh6+ 77. Kf5 d3 78. Kg4 Re1 0-1

[Event "Hebraica op 29th"]
[Site "Hebraica"]
[Date "2022.11.19"]
[Round "2"]
[White "Nunes, Raphael de Camargo"]
[Black "Sangiovanni, Marcello Gouveia"]
[Result "0-1"]
[WhiteElo "1800"]
[BlackElo "1733"]
[PlyCount "74"]
[EventDate "2022.11.19"]
[EventType "swiss"]
[EventRounds "5"]
[EventCountry "BRA"]
[SourceTitle "CBM 211 Extra"]
[Source "ChessBase"]
[SourceDate "2023.01.31"]
[SourceVersion "1"]
[SourceVersionDate "2023.01.31"]
[SourceQuality "1"]

1. c4 Nf6 2. Nc3 e6 3. Nf3 d5 4. cxd5 exd5 5. d4 Be7 6. Bf4 a6 7. h3 0-0 8. e3 c5 9. dxc5 Bxc5 10. Be2 Nc6 11. Ne5 Re8 12. Nxc6 bxc6 13. 0-0 Bd6 14. Bxd6 Qxd6 15. Bf3 Bf5 16. Rc1 Rab8 17. Qd2 Qb4 18. b3 Re6 19. Rfd1 Qh4 20. Kf1 Rbe8 21. Ne2 Ne4 22. Bxe4 Bxe4 23. Nf4 Rh6 24. Qe2 Qf6 25. Qxa6 g5 26. Nd3 g4 27. Nf4 gxh3 28. Nxh3 Bf3 29. Qd3 Re4 30. Ng1 Bxd1 31. Qxd1 Rh1 32. Ke2 Qb2+ 33. Qd2 Qe5 34. a4 d4 35. a5 dxe3 36. fxe3 Rh2 37. Kf2 Rg4 0-1

[Event "Hebraica op 29th"]
[Site "Hebraica"]
[Date "2022.11.19"]
[Round "1"]
[White "Sangiovanni, Marcello Gouveia"]
[Black "Ribeiro, Julio Cesar Del Cio"]
[Result "1-0"]
[WhiteElo "1733"]
[BlackElo "1800"]
[PlyCount "57"]
[EventDate "2022.11.19"]
[EventType "swiss"]
[EventRounds "5"]
[EventCountry "BRA"]
[SourceTitle "CBM 211 Extra"]
[Source "ChessBase"]
[SourceDate "2023.01.31"]
[SourceVersion "1"]
[SourceVersionDate "2023.01.31"]
[SourceQuality "1"]

1. e4 c5 2. c3 Nc6 3. d4 cxd4 4. cxd4 d5 5. e5 Bf5 6. Nf3 h6 7. Bd3 Bg4 8. Be3 e6 9. Nc3 Bb4 10. 0-0 Nge7 11. h3 Bh5 12. a3 Bxc3 13. bxc3 Rc8 14. Bd2 0-0 15. Rb1 Qc7 16. g4 Bg6 17. Qe2 Bxd3 18. Qxd3 f5 19. exf6 Rxf6 20. g5 Rg6 21. Nh4 Rxg5+ 22. Bxg5 hxg5 23. Ng6 Re8 24. Rfe1 Nf5 25. Ne5 Nxe5 26. Rxe5 a6 27. Rbe1 Kf7 28. Rxf5+ exf5 29. Qxf5+ 1-0

[Event "Florianopolis op 7th"]
[Site "Florianopolis"]
[Date "2021.01.21"]
[Round "6"]
[White "Sangiovanni, Marcello Gouveia"]
[Black "De Souza Monteiro, Marcos Paulo"]
[Result "0-1"]
[WhiteElo "1705"]
[BlackElo "1968"]
[PlyCount "74"]
[EventDate "2021.01.18"]
[EventType "swiss"]
[EventRounds "10"]
[EventCountry "BRA"]
[SourceTitle "CBM 200 Extra"]
[Source "ChessBase"]
[SourceDate "2021.03.31"]
[SourceVersion "1"]
[SourceVersionDate "2021.03.31"]
[SourceQuality "1"]

1. e4 c5 2. Nc3 d6 3. g3 g6 4. Bg2 Bg7 5. d3 Nf6 6. h3 Nc6 7. f4 Rb8 8. a4 Nh5 9. Nce2 Qa5+ 10. Bd2 Nb4 11. g4 Nf6 12. Nc3 Bxg4 13. hxg4 Nxg4 14. Nf3 h5 15. Bh3 a6 16. 0-0 Qb6 17. a5 Qa7 18. Na4 b5 19. axb6 Rxb6 20. Nxb6 Qxb6 21. Bxg4 hxg4 22. Ne1 Bxb2 23. Qxg4 Bxa1 24. Qc8+ Qd8 25. Qxd8+ Kxd8 26. c3 Na2 27. Ng2 Bxc3 28. Bxc3 Nxc3 29. Ra1 Rh3 30. Rxa6 Rxd3 31. Ra8+ Kd7 32. Ra7+ Ke6 33. f5+ Kf6 34. fxg6 Nxe4 35. g7 Rg3 36. Kh2 Rxg7 37. Nf4 Kf5 0-1

[Event "Florianopolis op 7th"]
[Site "Florianopolis"]
[Date "2021.01.20"]
[Round "4"]
[White "Sangiovanni, Marcello Gouveia"]
[Black "Volkmann, Andre Jordi"]
[Result "0-1"]
[WhiteElo "1705"]
[BlackElo "2075"]
[PlyCount "98"]
[EventDate "2021.01.18"]
[EventType "swiss"]
[EventRounds "10"]
[EventCountry "BRA"]
[SourceTitle "CBM 200 Extra"]
[Source "ChessBase"]
[SourceDate "2021.03.31"]
[SourceVersion "1"]
[SourceVersionDate "2021.03.31"]
[SourceQuality "1"]

1. e4 d5 2. exd5 Qxd5 3. Nc3 Qa5 4. Bc4 Nf6 5. d3 c6 6. Bd2 Qc7 7. Qe2 e6 8. Nf3 Bd6 9. h3 b5 10. Bb3 Bb7 11. Ng5 0-0 12. Nge4 Nxe4 13. Nxe4 Be5 14. c3 c5 15. Rc1 Nd7 16. 0-0 Bf4 17. Bc2 Rfd8 18. d4 Bxd2 19. Nxd2 Qb6 20. Be4 cxd4 21. Bxb7 Qxb7 22. cxd4 Nf6 23. Nf3 Rac8 24. Rc5 a6 25. Rfc1 Nd7 26. R5c3 Rxc3 27. bxc3 Nb6 28. Nd2 Qc7 29. Nb3 Rc8 30. Nc5 Nd5 31. Qe4 Qd6 32. g3 h6 33. f4 a5 34. Qe5 Qxe5 35. fxe5 b4 36. c4 Nc3 37. Rc2 Rd8 38. Rd2 Rxd4 39. Rxd4 Ne2+ 40. Kf2 Nxd4 41. Nb3 Nxb3 42. axb3 a4 43. c5 axb3 44. c6 b2 45. c7 b1Q 46. c8Q+ Kh7 47. Qc4 b3 48. Ke2 b2 49. Kd2 Qg6 0-1

[Event "Florianopolis op 7th"]
[Site "Florianopolis"]
[Date "2021.01.19"]
[Round "2"]
[White "Sangiovanni, Marcello Gouveia"]
[Black "Montanu, Dan Vladimir"]
[Result "1-0"]
[WhiteElo "1705"]
[BlackElo "1957"]
[PlyCount "59"]
[EventDate "2021.01.18"]
[EventType "swiss"]
[EventRounds "10"]
[EventCountry "BRA"]
[SourceTitle "CBM 200 Extra"]
[Source "ChessBase"]
[SourceDate "2021.03.31"]
[SourceVersion "1"]
[SourceVersionDate "2021.03.31"]
[SourceQuality "1"]

1. e4 e6 2. d4 d5 3. Nc3 Bb4 4. e5 Ne7 5. a3 Bxc3+ 6. bxc3 b6 7. Qg4 Nf5 8. Bd3 h5 9. Qf3 g5 10. Bxf5 exf5 11. h4 g4 12. Qd3 Qd7 13. Bg5 Rg8 14. Ne2 Ba6 15. Qe3 Bxe2 16. Qxe2 Nc6 17. 0-0 Na5 18. Rfe1 Rg6 19. Qd3 Qe6 20. Qb5+ Kf8 21. Qd3 Nc4 22. f3 Ke8 23. fxg4 fxg4 24. Rf1 Kd7 25. Rae1 Re8 26. Re2 Nd6 27. exd6 Qxe2 28. Qxe2 Rxe2 29. Rxf7+ Kxd6 30. Bf4+ 1-0

[Event "Sao Paulo-chT1"]
[Site "Sao Paulo"]
[Date "2019.03.09"]
[Round "5.4"]
[White "Camargo, Thiers"]
[Black "Sangiovanni, Marcello Gouveia"]
[Result "1-0"]
[WhiteElo "1600"]
[BlackElo "1652"]
[PlyCount "91"]
[EventDate "2019.02.23"]
[EventType "team-tourn"]
[EventRounds "7"]
[EventCountry "BRA"]
[SourceTitle "EXT 2021"]
[Source "ChessBase"]
[SourceDate "2020.10.23"]
[SourceVersion "1"]
[SourceVersionDate "2020.10.23"]
[SourceQuality "1"]
[WhiteTeam "Osasco II"]
[BlackTeam "Homs"]
[WhiteTeamCountry "BRA"]
[BlackTeamCountry "BRA"]

1. e4 e6 2. d4 d5 3. e5 c5 4. c3 Nc6 5. Nf3 Qb6 6. Bd3 Bd7 7. 0-0 cxd4 8. cxd4 Nxd4 9. Nxd4 Qxd4 10. Qe2 Qb6 11. Nd2 Ne7 12. Nf3 Nc6 13. a3 a5 14. Bf4 h6 15. Rac1 Bc5 16. Nd2 Bd4 17. Nf3 Qxb2 18. Nxd4 Qxd4 19. Bg3 0-0 20. Rfd1 Qb6 21. Qg4 f5 22. exf6 Rxf6 23. Bh4 g5 24. Bg3 Qd8 25. Bb1 e5 26. Qe2 Be6 27. Bxe5 Nxe5 28. Qxe5 Qf8 29. Rc7 Re8 30. Rxb7 Rf7 31. Rb6 Rfe7 32. Qd4 Qf7 33. h4 Qh5 34. hxg5 hxg5 35. f3 Bf7 36. Rf1 Re1 37. Bd3 Rxf1+ 38. Bxf1 Qh8 39. Qd2 Qe5 40. Rb5 a4 41. Rb4 Qe3+ 42. Qxe3 Rxe3 43. Rxa4 Kg7 44. Kf2 Rb3 45. Ra7 d4 46. Rxf7+ 1-0

[Event "Sao Paulo-chT1"]
[Site "Sao Paulo"]
[Date "2019.02.23"]
[Round "1.3"]
[White "Martins, Luis Carlos Ferreir"]
[Black "Sangiovanni, Marcello Gouveia"]
[Result "0-1"]
[WhiteElo "1794"]
[BlackElo "1652"]
[PlyCount "70"]
[EventDate "2019.02.23"]
[EventType "team-tourn"]
[EventRounds "7"]
[EventCountry "BRA"]
[SourceTitle "EXT 2021"]
[Source "ChessBase"]
[SourceDate "2020.10.23"]
[SourceVersion "1"]
[SourceVersionDate "2020.10.23"]
[SourceQuality "1"]
[WhiteTeam "ATC"]
[BlackTeam "Homs"]
[WhiteTeamCountry "BRA"]
[BlackTeamCountry "BRA"]

1. Nf3 d5 2. d4 Nf6 3. Bf4 e6 4. e3 b6 5. Bb5+ Bd7 6. Bd3 c5 7. c3 Bc6 8. Ne5 Bd6 9. Nd2 Bxe5 10. Bxe5 Nbd7 11. Bd6 Ne4 12. Nxe4 dxe4 13. Be2 Qg5 14. Bg3 0-0 15. Qb3 Rfd8 16. h4 Qf5 17. Bc7 cxd4 18. cxd4 Rdc8 19. Bg3 Qa5+ 20. Kf1 Bd5 21. Qd1 Qb4 22. Ba6 Bc4+ 23. Bxc4 Rxc4 24. b3 Rc3 25. Kg1 Rac8 26. Kh2 Nf6 27. Qd2 Ng4+ 28. Kh3 Qb5 29. Rhc1 Rxc1 30. Rxc1 Rxc1 31. Qxc1 h5 32. f3 exf3 33. gxf3 Qe2 34. Qc8+ Kh7 35. Qb7 Nxe3 0-1

[Event "Hebraica op 26th"]
[Site "Hebraica"]
[Date "2019.01.13"]
[Round "5"]
[White "Sangiovanni, Marcello Gouveia"]
[Black "Flores, Clarice Soares Leit"]
[Result "1-0"]
[WhiteElo "1653"]
[BlackElo "1406"]
[PlyCount "75"]
[EventDate "2019.01.11"]
[EventType "swiss"]
[EventRounds "6"]
[EventCountry "BRA"]
[SourceTitle "EXT 2020"]
[Source "ChessBase"]
[SourceDate "2019.10.17"]
[SourceVersion "1"]
[SourceVersionDate "2019.10.17"]
[SourceQuality "1"]

1. e4 c5 2. Nc3 g6 3. g3 Bg7 4. Bg2 Nc6 5. f4 d6 6. d3 e5 7. Nf3 Nge7 8. h3 Rb8 9. a4 a6 10. 0-0 0-0 11. Ne2 b5 12. axb5 axb5 13. g4 d5 14. f5 dxe4 15. dxe4 Qxd1 16. Rxd1 Nd4 17. Nexd4 cxd4 18. c3 dxc3 19. bxc3 Bb7 20. Ba3 Rfe8 21. Rd7 Nc8 22. Ng5 Bc6 23. Rc7 Ba8 24. Rd1 Rb7 25. Rdd7 Rxc7 26. Rxc7 f6 27. Ne6 Bh6 28. Bc5 Kh8 29. Kf2 Kg8 30. Kf3 g5 31. Bf1 Kh8 32. Bxb5 Rg8 33. Ba6 Ne7 34. Bxe7 Bg7 35. Bc4 Re8 36. Bd8 Bf8 37. Bxf6+ Kg8 38. Nxg5+ 1-0

[Event "Hebraica op 26th"]
[Site "Hebraica"]
[Date "2019.01.12"]
[Round "4"]
[White "Silva, Kaua Marques"]
[Black "Sangiovanni, Marcello Gouveia"]
[Result "1-0"]
[WhiteElo "1894"]
[BlackElo "1653"]
[PlyCount "155"]
[EventDate "2019.01.11"]
[EventType "swiss"]
[EventRounds "6"]
[EventCountry "BRA"]
[SourceTitle "EXT 2020"]
[Source "ChessBase"]
[SourceDate "2019.10.17"]
[SourceVersion "1"]
[SourceVersionDate "2019.10.17"]
[SourceQuality "1"]

1. e4 e6 2. d4 d5 3. Nd2 Nf6 4. e5 Nfd7 5. c3 c5 6. Bd3 cxd4 7. cxd4 Nc6 8. Ne2 Qb6 9. Nf3 Be7 10. 0-0 a6 11. a3 Qc7 12. h4 b5 13. Qc2 Bb7 14. Bf4 Qb6 15. Be3 h6 16. h5 Rf8 17. b4 0-0-0 18. a4 Kb8 19. Bd2 Bxb4 20. axb5 axb5 21. Rfb1 Rc8 22. Qa2 Bxd2 23. Rxb5 Qa7 24. Nxd2 Qxa2 25. Rxa2 Kc7 26. Rb3 Ra8 27. Raa3 Rxa3 28. Rxa3 Ra8 29. Rxa8 Bxa8 30. g4 Nb4 31. Bh7 Kd8 32. Nc3 Bc6 33. f4 Ke7 34. Kf2 Nb6 35. Ke3 Na4 36. Nd1 Bb5 37. Nf3 Nb6 38. Kf2 Nc4 39. Nc3 Be8 40. Kg3 Ne3 41. Ne1 g6 42. hxg6 fxg6 43. Kf3 Nec2 44. Nxc2 Nxc2 45. Ne2 Kf8 46. f5 Kg7 47. Bxg6 Bxg6 48. fxg6 Kxg6 49. Nf4+ Kf7 50. Ne2 Kg7 51. Kg3 Kg6 52. Nf4+ Kf7 53. Ne2 Kg6 54. Kh4 Kg7 55. Kh5 Kh7 56. Kh4 Kg7 57. Kg3 Kg6 58. Nf4+ Kf7 59. Ne2 Kg6 60. Kf4 h5 61. g5 Nb4 62. Ng1 Nd3+ 63. Ke3 Ne1 64. Kf2 Nc2 65. Nf3 Kf5 66. Kg3 Nb4 67. Kh4 Kg6 68. Ng1 Nc2 69. Ne2 Ne1 70. Nf4+ Kf5 71. g6 Ng2+ 72. Nxg2 Kxg6 73. Ne3 Kh6 74. Nf1 Kg6 75. Ng3 Kh6 76. Nxh5 Kg6 77. Kg4 Kf7 78. Kg5 1-0

[Event "Homs Xeque Mate op"]
[Site "Sao Paulo"]
[Date "2018.10.28"]
[Round "5"]
[White "Sangiovanni, Marcello Gouveia"]
[Black "Rocha, Anderson Rosendo"]
[Result "1/2-1/2"]
[WhiteElo "1651"]
[BlackElo "1651"]
[PlyCount "83"]
[EventDate "2018.10.27"]
[EventType "swiss"]
[EventRounds "5"]
[EventCountry "BRA"]
[SourceTitle "CBM 187 Extra"]
[Source "ChessBase"]
[SourceDate "2018.11.04"]
[SourceVersion "1"]
[SourceVersionDate "2018.11.04"]
[SourceQuality "1"]

1. d4 Nf6 2. Nf3 e6 3. Bf4 d5 4. e3 b6 5. Bd3 Nbd7 6. 0-0 Be7 7. Nbd2 0-0 8. e4 dxe4 9. Nxe4 Bb7 10. Qe2 c5 11. dxc5 Bxc5 12. Bg5 Be7 13. Rad1 Bxe4 14. Bxe4 Nxe4 15. Qxe4 Bxg5 16. Nxg5 Qxg5 17. Rxd7 Qb5 18. Rfd1 h6 19. Qd4 e5 20. Qd5 Qxd5 21. R1xd5 f6 22. f3 Rf7 23. Kf2 Kf8 24. Ke3 Ke8 25. Rxf7 Kxf7 26. Rd7+ Kg6 27. g4 b5 28. c3 a6 29. Ke4 Rc8 30. h4 Rc4+ 31. Kd3 Rf4 32. Ke3 Ra4 33. a3 h5 34. gxh5+ Kxh5 35. Rxg7 Kxh4 36. Rg6 Rf4 37. b3 a5 38. b4 axb4 39. axb4 Kh5 40. Rg8 Rc4 41. Kd3 Rf4 42. Ke3 1/2-1/2

[Event "Homs Xeque Mate op"]
[Site "Sao Paulo"]
[Date "2018.10.27"]
[Round "1"]
[White "Sangiovanni, Marcello Gouveia"]
[Black "Fujita, Gabriela Akemi"]
[Result "1-0"]
[WhiteElo "1651"]
[BlackElo "1210"]
[PlyCount "105"]
[EventDate "2018.10.27"]
[EventType "swiss"]
[EventRounds "5"]
[EventCountry "BRA"]
[SourceTitle "CBM 187 Extra"]
[Source "ChessBase"]
[SourceDate "2018.11.04"]
[SourceVersion "1"]
[SourceVersionDate "2018.11.04"]
[SourceQuality "1"]

1. e4 c5 2. Nc3 g6 3. g3 Bg7 4. Bg2 e6 5. f4 Ne7 6. Nf3 0-0 7. 0-0 a6 8. a4 Nbc6 9. Ne2 d6 10. c3 Qb6 11. Kh1 Na5 12. d4 cxd4 13. cxd4 Nb3 14. Ra3 Nxc1 15. Qxc1 Qd8 16. b4 Bd7 17. Qd2 Rc8 18. Nc3 Rc4 19. b5 axb5 20. axb5 Qb6 21. Rd1 Bxb5 22. Rb3 Qa5 23. Nxb5 Qxd2 24. Nxd2 Rc6 25. Nf3 Rd8 26. h3 Rb6 27. Rdb1 Nc6 28. e5 d5 29. Nd6 Rxb3 30. Rxb3 Bf8 31. Nxb7 Rb8 32. Na5 Rxb3 33. Nxb3 Nb4 34. Bf1 Nc2 35. Bd3 Nb4 36. Be2 Nc2 37. g4 Bh6 38. f5 Be3 39. fxe6 fxe6 40. Kg2 h6 41. h4 Kg7 42. g5 hxg5 43. hxg5 Kf7 44. Kf1 Kg7 45. Bd3 Nb4 46. Ke2 Bf4 47. Bb1 Bg3 48. Ke3 Nc6 49. Nbd2 Ne7 50. Nf1 Bxe5 51. Nxe5 Kh7 52. Ng3 Ng8 53. Bxg6+ 1-0

[Event "Homs Xeque Mate op"]
[Site "Sao Paulo"]
[Date "2018.10.27"]
[Round "3"]
[White "Sangiovanni, Marcello Gouveia"]
[Black "Hopka, Matheus Marchesi"]
[Result "0-1"]
[WhiteElo "1651"]
[BlackElo "1807"]
[PlyCount "88"]
[EventDate "2018.10.27"]
[EventType "swiss"]
[EventRounds "5"]
[EventCountry "BRA"]
[SourceTitle "CBM 187 Extra"]
[Source "ChessBase"]
[SourceDate "2018.11.04"]
[SourceVersion "1"]
[SourceVersionDate "2018.11.04"]
[SourceQuality "1"]

1. d4 Nf6 2. Nf3 g6 3. c4 Bg7 4. Nc3 0-0 5. e4 d6 6. Be3 Ng4 7. Bd3 Nxe3 8. fxe3 c5 9. 0-0 Nc6 10. Be2 Bg4 11. d5 Nb8 12. Ng5 Bxe2 13. Qxe2 h6 14. Nh3 Nd7 15. Nf4 Ne5 16. Rac1 Qd7 17. h3 Rab8 18. a3 a6 19. b4 cxb4 20. axb4 Rbc8 21. Nb1 Qa4 22. Nd2 Qxb4 23. Rb1 Qc5 24. Rxb7 Rc7 25. Rxc7 Qxc7 26. Nd3 Nxd3 27. Qxd3 Rb8 28. Rc1 a5 29. Nf3 a4 30. e5 dxe5 31. c5 Rb3 32. Qc4 Rxe3 33. Qxa4 e4 34. Nd4 Kh7 35. Nb5 Qg3 36. Qc2 Re1+ 37. Rxe1 Qxe1+ 38. Kh2 Be5+ 39. g3 Qxg3+ 40. Kh1 Qxh3+ 41. Kg1 Qg3+ 42. Kh1 Qf3+ 43. Kg1 e3 44. Qg2 Qd1+ 0-1

[Event "BRA-ch U16"]
[Site "Itajai"]
[Date "2017.06.04"]
[Round "6"]
[White "De Souza, Augusto Felipe Mour"]
[Black "Sangiovanni, Marcello Gouveia"]
[Result "0-1"]
[WhiteElo "1800"]
[BlackElo "1769"]
[PlyCount "62"]
[EventDate "2017.06.01"]
[EventType "swiss"]
[EventRounds "6"]
[EventCountry "BRA"]
[SourceTitle "CBM 179 Extra"]
[Source "ChessBase"]
[SourceDate "2017.08.23"]
[SourceVersion "1"]
[SourceVersionDate "2017.08.23"]
[SourceQuality "1"]

1. e4 d6 2. d4 Nf6 3. Nc3 c6 4. Bg5 Nbd7 5. Bc4 Qa5 6. Be3 Nxe4 7. Qd3 Nxc3 8. Qxc3 Qxc3+ 9. bxc3 e5 10. d5 Nf6 11. dxc6 bxc6 12. Rb1 d5 13. Be2 Bd6 14. Nf3 0-0 15. 0-0 c5 16. Nd2 Be6 17. a4 h6 18. f3 Rac8 19. c4 e4 20. fxe4 Nxe4 21. Nxe4 dxe4 22. Rb7 f5 23. g3 g5 24. Rxa7 Rc6 25. Bc1 Be5 26. Kg2 f4 27. gxf4 gxf4 28. Bh5 Bxc4 29. Rd1 Bd4 30. Bxf4 Rxf4 31. Ra8+ Rf8 0-1

[Event "BRA-ch U16"]
[Site "Itajai"]
[Date "2017.06.03"]
[Round "4"]
[White "Mariot Vaz, Joao Antonio Bertol"]
[Black "Sangiovanni, Marcello Gouveia"]
[Result "0-1"]
[WhiteElo "1322"]
[BlackElo "1769"]
[PlyCount "56"]
[EventDate "2017.06.01"]
[EventType "swiss"]
[EventRounds "6"]
[EventCountry "BRA"]
[SourceTitle "CBM 179 Extra"]
[Source "ChessBase"]
[SourceDate "2017.08.23"]
[SourceVersion "1"]
[SourceVersionDate "2017.08.23"]
[SourceQuality "1"]

1. e4 d6 2. d4 Nf6 3. Nc3 c6 4. Bg5 Nbd7 5. Bd3 Qb6 6. Nf3 e5 7. dxe5 dxe5 8. Rb1 Bc5 9. 0-0 Ng4 10. Qd2 f6 11. Bh4 g5 12. Bg3 h5 13. Nxg5 fxg5 14. Qxg5 Be7 15. Qg7 Rf8 16. Qg6+ Kd8 17. Qxh5 Ndf6 18. Qg6 Be6 19. Qg5 Nxe4 20. Qc1 Nexf2 21. Bxf2 Nxf2 22. Rxf2 Qxf2+ 23. Kh1 Bd5 24. Ne4 Qf4 25. Qe1 Rh8 26. h3 Rh4 27. Nf2 Bc5 28. Ng4 Rxh3+ 0-1

[Event "Sao Paulo-B U2050 op 5th"]
[Site "Sao Paulo"]
[Date "2016.10.13"]
[Round "1.10"]
[White "Sangiovanni, Marcello Gouveia"]
[Black "Carvalho, Celestino Jr"]
[Result "1-0"]
[WhiteElo "1757"]
[BlackElo "1959"]
[PlyCount "145"]
[EventDate "2016.10.13"]
[EventType "swiss"]
[EventRounds "6"]
[EventCountry "BRA"]
[SourceTitle "EXT 2022"]
[Source "ChessBase"]
[SourceDate "2021.10.06"]
[SourceVersion "1"]
[SourceVersionDate "2021.10.06"]
[SourceQuality "1"]

1. e4 c5 2. Nc3 e6 3. g3 Nc6 4. Bg2 Qc7 5. f4 a6 6. Nf3 b5 7. d3 Bb7 8. 0-0 Nge7 9. Be3 d6 10. Qd2 Rd8 11. Rfe1 Ng6 12. Qf2 Be7 13. Ne2 0-0 14. c3 Rfe8 15. b4 Nb8 16. Nd2 Nd7 17. d4 cxd4 18. cxd4 d5 19. exd5 Bxd5 20. Bxd5 exd5 21. Rec1 Qb7 22. a3 Nf6 23. f5 Nf8 24. Bf4 Rc8 25. Nc3 Qd7 26. Be5 Ng4 27. Qf4 Nh6 28. f6 Ne6 29. Qf3 gxf6 30. Bxf6 Ng5 31. Bxg5 Bxg5 32. Nxd5 Rcd8 33. Rc5 Qg4 34. Qxg4 Nxg4 35. Nf3 Be3+ 36. Nxe3 Nxe3 37. Rc6 Rd5 38. Re1 Kf8 39. Ne5 Ng4 40. Rf1 Nxe5 41. dxe5 Rexe5 42. Rcf6 Re7 43. Rxa6 Rd3 44. Rb6 Rd5 45. Kg2 Re3 46. Rbf6 Rd2+ 47. Kh3 Rd7 48. R6f5 Rb7 49. R1f3 Re6 50. g4 Kg7 51. Kg3 Re1 52. Kf4 Rc1 53. Kg5 Rc6 54. Rd5 Rg6+ 55. Kh4 Rh6+ 56. Kg3 Ra6 57. h4 Rb8 58. g5 Rb7 59. Rdf5 Rc6 60. R5f4 Ra7 61. Kg4 Rc1 62. h5 Rg1+ 63. Kf5 Ra6 64. Ke5 Rxg5+ 65. Rf5 Rxf5+ 66. Rxf5 Rxa3 67. Kd6 Rc3 68. Rxb5 Kf6 69. Rc5 Rd3+ 70. Kc6 Ke6 71. b5 f5 72. b6 Rb3 73. b7 1-0

[Event "Pan American-ch U14 27th"]
[Site "Montevideo"]
[Date "2016.07.28"]
[Round "6"]
[White "Arboleda Orozco, Juan M"]
[Black "Sangiovanni, Marcello Gouveia"]
[Result "1-0"]
[WhiteElo "1976"]
[BlackElo "1756"]
[PlyCount "55"]
[EventDate "2016.07.25"]
[EventType "swiss"]
[EventRounds "9"]
[EventCountry "URU"]
[SourceTitle "EXT 2017"]
[Source "ChessBase"]
[SourceDate "2016.10.25"]
[SourceVersion "1"]
[SourceVersionDate "2016.10.25"]
[SourceQuality "1"]

1. e4 e6 2. d4 d5 3. Nd2 Nf6 4. e5 Nfd7 5. Bd3 c5 6. c3 Nc6 7. Ne2 a6 8. 0-0 b5 9. f4 Qb6 10. Nf3 Bb7 11. Be3 f6 12. Kh1 f5 13. dxc5 Bxc5 14. Ned4 b4 15. cxb4 Nxb4 16. Be2 0-0 17. a3 Nc6 18. b4 Bxd4 19. Nxd4 Ncxe5 20. fxe5 Nxe5 21. Nxf5 Qd8 22. Ng3 Ng6 23. Bc5 Rf6 24. Qb3 Nf4 25. Nh5 Rf5 26. Rxf4 Rxf4 27. Nxf4 Qf6 28. Rf1 1-0

[Event "Sao Sebastiao do Paraiso U14"]
[Site "Sao Sebastiao do Paraiso"]
[Date "2016.04.23"]
[Round "6.11"]
[White "Sangiovanni, Marcello Gouveia"]
[Black "Haruna, Luiz Hirokazu Andra"]
[Result "1-0"]
[WhiteElo "1692"]
[BlackElo "1347"]
[PlyCount "75"]
[EventDate "2016.04.21"]
[EventType "swiss"]
[EventRounds "6"]
[EventCountry "BRA"]
[SourceTitle "EXT 2022"]
[Source "ChessBase"]
[SourceDate "2021.10.06"]
[SourceVersion "1"]
[SourceVersionDate "2021.10.06"]
[SourceQuality "1"]

1. d4 e6 2. Nf3 d5 3. Bf4 Nf6 4. e3 Bd6 5. Bg3 Qe7 6. Nbd2 Nbd7 7. c4 c5 8. b3 b6 9. Ne5 Bxe5 10. dxe5 Ng8 11. cxd5 exd5 12. Bb5 Bb7 13. Qg4 g6 14. Bh4 Qe6 15. Bxd7+ Qxd7 16. Qxd7+ Kxd7 17. Rd1 Ke6 18. f4 Nh6 19. Bf6 Rhe8 20. h3 Nf5 21. Kf2 h6 22. g4 Ne7 23. Rhf1 Rac8 24. Ne4 Rc6 25. Nd6 Rb8 26. Bxe7 Kxe7 27. f5 g5 28. Rxd5 f6 29. Nxb7 Rxb7 30. e6 Rd6 31. Rxd6 Kxd6 32. Rd1+ Ke7 33. e4 Rc7 34. Ke3 a6 35. Kd3 Kd6 36. Kc3+ Kc6 37. Rd8 Kb5 38. Rd7 1-0